000
00249nam a2200109Ia 4500
008
190216s9999||||xx |||||||||||||| ||und||
100
_a
Vivekanandan G
245
0
_a
Eala Kozhinja Maram
260
_b
Nbs Kottayam
650
_a
Malayalam
942
_c
BK
999
_c
26115
_d
26115